000
00283nam a2200121Ia 4500
008
220216s9999 xx 000 0 und d
100
_a
Stevens H P
245
0
_a
Rubber photogels. Pt.2
260
_b
IRI Transactions
_c
1943
300
_a
218-224
650
_a
Photogels
942
_c
JS
999
_c
67865
_d
67865